[Event "51st Rubinstein Memorial"]
[Site "Polanica Zdroj POL"]
[Date "2015.08.27"]
[Round "6"]
[White "Basso, Pierluigi"]
[Black "Kovalev, Andrei"]
[WhiteElo "2443"]
[BlackElo "2509"]
[Result "1/2-1/2"]
[EventDate "2015.08.22"]
[PlyCount "35"]
1. d4 Nf6 2. Nf3 g6 3. c4 Bg7 4. g3 O-O 5. Bg2 d5 6. cxd5 Nxd5 7. Nc3 Nb6 8. O-O Nc6 9. d5 Na5 10. Qc2 c6 11. dxc6 Nxc6 12. Rd1 Bf5 13. Qb3 Qc8 14. Be3 Be6 15. Qc2 Bf5 16. Qb3 Be6 17. Qc2 Bf5 18. Qb3 1/2-1/2

[Event "51st Rubinstein Memorial"]
[Site "Polanica Zdroj POL"]
[Date "2015.08.27"]
[Round "6"]
[White "Cyborowski, Lukasz"]
[Black "Eggleston, David"]
[WhiteElo "2530"]
[BlackElo "2392"]
[Result "1-0"]
[EventDate "2015.08.22"]
[PlyCount "119"]
1. e4 c5 2. Nf3 d6 3. d4 Nf6 4. Nc3 cxd4 5. Qxd4 a6 6. e5 Nc6 7. Qa4 dxe5 8. Nxe5 Bd7 9. Nxd7 Qxd7 10. Be2 e6 11. O-O Be7 12. Bf3 O-O 13. Rd1 Qc8 14. Bxc6 Qxc6 15. Qxc6 bxc6 16. Na4 c5 17. c4 Rfd8 18. Be3 Nd7 19. Rd3 Kf8 20. Rad1 Ke8 21. b3 g5 22. Kf1 Rac8 23. Ke2 f5 24. f3 h5 25. h3 Rc6 26. g4 hxg4 27. hxg4 fxg4 28. fxg4 Ne5 29. Rxd8+ Bxd8 30. Nxc5 Nxg4 31. Ne4 Nxe3 32. Kxe3 Be7 33. Kf3 a5 34. Kg4 a4 35. Nxg5 axb3 36. axb3 Bxg5 37. Kxg5 Ke7 38. Kf4 Rc5 39. Ke4 Rh5 40. Kd4 Kd6 41. b4 Rh4+ 42. Kc3+ Kc6 43. Re1 Rh6 44. b5+ Kc5 45. Re5+ Kd6 46. Rg5 Kc7 47. Rg7+ Kb8 48. Re7 Rh3+ 49. Kd4 Rh5 50. Rxe6 Kc7 51. Re5 Rh7 52. Kc5 Rh4 53. b6+ Kb7 54. Re7+ Kb8 55. Kb5 Rh1 56. c5 Rh5 57. Ka6 Rh8 58. Rb7+ Ka8 59. Ra7+ Kb8 60. c6 1-0

[Event "51st Rubinstein Memorial"]
[Site "Polanica Zdroj POL"]
[Date "2015.08.27"]
[Round "6"]
[White "Gajek, Radoslaw"]
[Black "Klekowski, Maciej"]
[WhiteElo "2384"]
[BlackElo "2490"]
[Result "1/2-1/2"]
[EventDate "2015.08.22"]
[PlyCount "58"]
1. e4 c5 2. Nf3 Nc6 3. Bb5 g6 4. Bxc6 bxc6 5. O-O Bg7 6. e5 f6 7. Qe2 fxe5 8. Nxe5 d6 9. Nc4 Nh6 10. d3 O-O 11. f4 Bg4 12. Qe1 Qd7 13. Nbd2 Rae8 14. Ne4 d5 15. Ne5 Bxe5 16. fxe5 dxe4 17. Rxf8+ Rxf8 18. Bxh6 Qd4+ 19. Kh1 Rf5 20. Qxe4 Qf2 21. Rg1 Qh4 22. Bf4 Bf3 23. gxf3 Rxf4 24. Qxc6 Qh3 25. Rg3 Qf1+ 26. Rg1 Qh3 27. Rg3 Qf1+ 28. Rg1 Qh3 29. Rg3 Qf1+ 1/2-1/2

[Event "51st Rubinstein Memorial"]
[Site "Polanica Zdroj POL"]
[Date "2015.08.27"]
[Round "6"]
[White "Krzyzanowski, Marcin"]
[Black "Warakomski, Tomasz"]
[WhiteElo "2420"]
[BlackElo "2466"]
[Result "0-1"]
[EventDate "2015.08.22"]
[PlyCount "74"]
1. d4 Nf6 2. Nf3 g6 3. g3 Bg7 4. Bg2 c5 5. d5 d6 6. O-O b5 7. Re1 O-O 8. e4 Nbd7 9. c3 Rb8 10. a4 b4 11. c4 Ba6 12. Nbd2 Ng4 13. h3 Nge5 14. Nxe5 Nxe5 15. Bf1 e6 16. f4 Nd7 17. Nf3 exd5 18. exd5 Re8 19. Rxe8+ Qxe8 20. Ra2 b3 21. Ra3 Nb6 22. Rxb3 Qxa4 23. f5 Bxc4 24. Bxc4 Qxc4 25. Bg5 Qa4 26. Rd3 Qxd1+ 27. Rxd1 Bxb2 28. Bf4 c4 29. Bxd6 Rd8 30. Be5 c3 31. Re1 Nxd5 32. f6 a5 33. Nd4 Re8 34. Nc2 Nb4 35. Nxb4 axb4 36. Bxc3 Rxe1+ 37. Bxe1 b3 0-1

[Event "51st Rubinstein Memorial"]
[Site "Polanica Zdroj POL"]
[Date "2015.08.27"]
[Round "6"]
[White "Sivuk, Vitaly"]
[Black "Brodsky, Mikhail"]
[WhiteElo "2479"]
[BlackElo "2540"]
[Result "1-0"]
[EventDate "2015.08.22"]
[PlyCount "137"]
1. d4 Nf6 2. c4 e6 3. Nf3 b6 4. g3 Bb7 5. Bg2 Be7 6. O-O O-O 7. Re1 Na6 8. Nc3 Ne4 9. Bf4 Nxc3 10. bxc3 Be4 11. Bf1 c5 12. Nd2 Bb7 13. e4 cxd4 14. cxd4 d6 15. h4 Bf6 16. Be3 e5 17. d5 Bc8 18. Kh2 Qc7 19. Bh3 Nc5 20. Qc2 Bxh3 21. Kxh3 Qd7+ 22. Kg2 Rfc8 23. a4 Bd8 24. f3 Rab8 25. Reb1 Rb7 26. Rb5 a6 27. Rb4 h5 28. Qb1 Rcb8 29. Ra2 g6 30. Qc2 Kg7 31. Nb1 Qc8 32. Rab2 Nd7 33. Qe2 Nc5 34. Nc3 Nd7 35. Nb1 Nc5 36. Qd1 Nd7 37. Na3 Nc5 38. Bf2 f5 39. exf5 gxf5 40. Nc2 Bf6 41. Rb1 a5 42. Bxc5 axb4 43. Bxd6 Ra8 44. Qe2 Rxa4 45. Bxe5 Ra2 46. Bxf6+ Kxf6 47. Rxb4 Qf8 48. Rb3 Qd6 49. Kh3 Re7 50. Qd2 Rg7 51. f4 Kf7 52. Qe2 Qg6 53. Qe6+ Qxe6 54. dxe6+ Kg6 55. Nd4 Rd2 56. Nc6 Re2 57. e7 Kf6 58. Nd4 Rgxe7 59. Rxb6+ Kf7 60. Nxe2 Rxe2 61. Rh6 Rc2 62. Rxh5 Kg6 63. Rg5+ Kf6 64. h5 Rxc4 65. Rg6+ Kf7 66. Kh4 Rc3 67. Rb6 Ra3 68. h6 Kg8 69. Rb5 1-0

[Event "51st Rubinstein Memorial"]
[Site "Polanica Zdroj POL"]
[Date "2015.08.28"]
[Round "7"]
[White "Brodsky, Mikhail"]
[Black "Krzyzanowski, Marcin"]
[WhiteElo "2540"]
[BlackElo "2420"]
[Result "1-0"]
[EventDate "2015.08.22"]
[PlyCount "57"]
1. d4 Nf6 2. c4 e6 3. Nc3 Bb4 4. e3 Ne4 5. Qc2 f5 6. Bd3 O-O 7. Nge2 b6 8. Bxe4 fxe4 9. Qxe4 d5 10. Qc2 Ba6 11. cxd5 exd5 12. O-O c6 13. Rd1 Qh4 14. Ng3 Nd7 15. f3 Bd6 16. f4 Qg4 17. e4 Bxf4 18. Bxf4 Qxf4 19. exd5 Qe3+ 20. Kh1 Nf6 21. dxc6 Ng4 22. Nce4 Qh6 23. Qb3+ Kh8 24. h3 Ne3 25. Re1 Rf3 26. Kg1 Bc4 27. Qc3 Nxg2 28. Qxf3 Nxe1 29. Rxe1 1-0

[Event "51st Rubinstein Memorial"]
[Site "Polanica Zdroj POL"]
[Date "2015.08.28"]
[Round "7"]
[White "Eggleston, David"]
[Black "Basso, Pierluigi"]
[WhiteElo "2392"]
[BlackElo "2443"]
[Result "1/2-1/2"]
[EventDate "2015.08.22"]
[PlyCount "60"]
1. e4 e5 2. Nf3 Nc6 3. Bc4 Bc5 4. c3 Nf6 5. d3 a6 6. O-O Ba7 7. Bb3 d6 8. Nbd2 O-O 9. h3 h6 10. Re1 Nh5 11. Nf1 Qf6 12. Be3 Bxe3 13. Nxe3 Nf4 14. Nd5 Nxd5 15. exd5 Ne7 16. d4 Ng6 17. dxe5 dxe5 18. Bc2 Bf5 19. Bxf5 Qxf5 20. Qe2 Rad8 21. c4 f6 22. Qe4 Qxe4 23. Rxe4 Rd6 24. a4 a5 25. g3 Rfd8 26. b4 axb4 27. Rb1 b6 28. Rxb4 Ra8 29. Re2 Nf8 30. Nd2 c5 1/2-1/2

[Event "51st Rubinstein Memorial"]
[Site "Polanica Zdroj POL"]
[Date "2015.08.28"]
[Round "7"]
[White "Klekowski, Maciej"]
[Black "Cyborowski, Lukasz"]
[WhiteElo "2490"]
[BlackElo "2530"]
[Result "1-0"]
[EventDate "2015.08.22"]
[PlyCount "59"]
1. Nf3 c5 2. e4 e6 3. d4 cxd4 4. Nxd4 a6 5. Bd3 Bc5 6. Nb3 Ba7 7. Qe2 Nc6 8. Be3 Bxe3 9. Qxe3 Nf6 10. Nc3 d6 11. f4 b5 12. e5 dxe5 13. O-O-O Qc7 14. fxe5 Qxe5 15. Qb6 Bd7 16. Rhe1 Qf4+ 17. Kb1 O-O 18. Rf1 Rfb8 19. Qg1 Qg5 20. h4 Qxh4 21. g3 Qh6 22. g4 Qg5 23. Ne4 Nxe4 24. Bxe4 Ne5 25. Qh1 Bc6 26. Qxh7+ Kf8 27. Nd4 Bxe4 28. Nxe6+ Ke7 29. Qxe4 fxe6 30. Qb4+ 1-0

[Event "51st Rubinstein Memorial"]
[Site "Polanica Zdroj POL"]
[Date "2015.08.28"]
[Round "7"]
[White "Kovalev, Andrei"]
[Black "Sivuk, Vitaly"]
[WhiteElo "2509"]
[BlackElo "2479"]
[Result "0-1"]
[EventDate "2015.08.22"]
[PlyCount "92"]
1. e4 c5 2. Nf3 Nc6 3. Nc3 e6 4. d4 cxd4 5. Nxd4 Qc7 6. Be2 Nf6 7. O-O Be7 8. Be3 O-O 9. f4 d6 10. Kh1 Nxd4 11. Bxd4 e5 12. Be3 Be6 13. f5 Bd7 14. Bg5 Rfc8 15. Qd3 b5 16. Rad1 Bc6 17. a3 a5 18. Bxf6 Bxf6 19. Bh5 Qb7 20. Qxd6 b4 21. Nd5 Bxd5 22. Rxd5 Rxc2 23. Rfd1 Rf8 24. axb4 axb4 25. b3 Rc3 26. Be2 Rxb3 27. Rb5 Qa7 28. Bc4 Rb2 29. h3 h5 30. Qb6 Qa3 31. Qd6 Qa7 32. Qc5 Qxc5 33. Rxc5 h4 34. Kg1 Kh7 35. Rb5 Rc8 36. Bf1 Rc7 37. Rbd5 b3 38. Rb5 Be7 39. Rxe5 Ra2 40. Rb5 b2 41. Rb1 Rc1 42. R5xb2 Bc5+ 43. Kh2 Rxf1 44. Rxf1 Rxb2 45. e5 Re2 46. Rf4 Bf2 0-1

[Event "51st Rubinstein Memorial"]
[Site "Polanica Zdroj POL"]
[Date "2015.08.28"]
[Round "7"]
[White "Warakomski, Tomasz"]
[Black "Gajek, Radoslaw"]
[WhiteElo "2466"]
[BlackElo "2384"]
[Result "1-0"]
[EventDate "2015.08.22"]
[PlyCount "91"]
1. e4 c5 2. Nc3 d6 3. f4 g6 4. Nf3 Bg7 5. a3 Nf6 6. Bb5+ Bd7 7. e5 dxe5 8. fxe5 Nd5 9. Qe2 O-O 10. Bc4 Nxc3 11. dxc3 Nc6 12. e6 Bxe6 13. Bxe6 fxe6 14. Qxe6+ Kh8 15. Bg5 Rf5 16. O-O Qd5 17. Qxd5 Rxd5 18. Rae1 Bf6 19. Bf4 Rad8 20. Re2 Kg8 21. h3 Rd1 22. Nd2 Rxf1+ 23. Kxf1 Rf8 24. Rf2 Be5 25. Be3 b6 26. Rxf8+ Kxf8 27. Ke2 Kf7 28. Kd3 Ke6 29. b4 cxb4 30. cxb4 b5 31. c4 a6 32. Ne4 Bb2 33. Nc5+ Kd6 34. Kc2 Bxa3 35. Nxa6 Nxb4+ 36. Nxb4 Bxb4 37. cxb5 Bc5 38. Kd3 Bxe3 39. Kxe3 Kc5 40. Ke4 Kxb5 41. Kd5 Kb4 42. Ke6 Kc4 43. Kxe7 Kd4 44. Kf6 Ke3 45. Kg7 g5 46. g4 1-0

[Event "51st Rubinstein Memorial"]
[Site "Polanica Zdroj POL"]
[Date "2015.08.29"]
[Round "8"]
[White "Basso, Pierluigi"]
[Black "Klekowski, Maciej"]
[WhiteElo "2443"]
[BlackElo "2490"]
[Result "0-1"]
[EventDate "2015.08.22"]
[PlyCount "98"]
1. d4 Nf6 2. c4 e6 3. Nc3 Bb4 4. Qc2 d5 5. cxd5 exd5 6. Bg5 h6 7. Bh4 O-O 8. Nf3 c5 9. dxc5 g5 10. Bg3 Ne4 11. O-O-O Bxc3 12. bxc3 Bf5 13. Qb3 Nxc5 14. Qa3 Qe7 15. Kb2 Nc6 16. Nd4 Bh7 17. e4 Nxe4 18. Qxe7 Nxe7 19. f3 Nxg3 20. hxg3 Kg7 21. Bd3 Rad8 22. Bxh7 Kxh7 23. g4 Kg6 24. Nf5 Nxf5 25. gxf5+ Kg7 26. g4 Rfe8 27. Rd3 Re2+ 28. Kb3 Rd6 29. a4 Rb6+ 30. Ka3 Reb2 31. a5 R6b3+ 32. Ka4 b5+ 33. axb6 Rxb6 34. Ka3 R6b3+ 35. Ka4 Rb6 36. Ka3 R2b5 37. Ka4 Rc5 38. Rhd1 Kf6 39. Rxd5 Rxc3 40. Rd7 Rxf3 41. Rxa7 Rf4+ 42. Ka5 Rb2 43. Rc7 Rxg4 44. Rd6+ Kxf5 45. Rxf7+ Ke5 46. Rff6 h5 47. Rfe6+ Kf4 48. Rf6+ Kg3 49. Rd3+ Kg2 0-1

[Event "51st Rubinstein Memorial"]
[Site "Polanica Zdroj POL"]
[Date "2015.08.29"]
[Round "8"]
[White "Cyborowski, Lukasz"]
[Black "Warakomski, Tomasz"]
[WhiteElo "2530"]
[BlackElo "2466"]
[Result "1/2-1/2"]
[EventDate "2015.08.22"]
[PlyCount "60"]
1. e4 c5 2. Nf3 e6 3. d3 Nc6 4. g3 g6 5. d4 cxd4 6. Nxd4 d5 7. Bb5 dxe4 8. Nxc6 Qxd1+ 9. Kxd1 a6 10. Ba4 Bd7 11. Nc3 Bxc6 12. Bxc6+ bxc6 13. Nxe4 Be7 14. Ke2 Nf6 15. Nxf6+ Bxf6 16. Rd1 Ke7 17. Rb1 Rhd8 18. Rxd8 Rxd8 19. Be3 Bd4 20. b4 Bxe3 21. Kxe3 Rd5 22. Rb3 c5 23. a3 Re5+ 24. Kd3 Kd6 25. c4 Kc7 26. h4 Rf5 27. Ke3 Re5+ 28. Kd3 Rf5 29. Ke3 Re5+ 30. Kd3 Rf5 1/2-1/2

[Event "51st Rubinstein Memorial"]
[Site "Polanica Zdroj POL"]
[Date "2015.08.29"]
[Round "8"]
[White "Krzyzanowski, Marcin"]
[Black "Gajek, Radoslaw"]
[WhiteElo "2420"]
[BlackElo "2384"]
[Result "1/2-1/2"]
[EventDate "2015.08.22"]
[PlyCount "99"]
1. d4 Nf6 2. c4 e6 3. Nc3 Bb4 4. e3 O-O 5. Bd3 c5 6. Nf3 d5 7. O-O Nc6 8. cxd5 exd5 9. dxc5 Bxc5 10. h3 Re8 11. a3 Ne4 12. Qc2 Bf5 13. Rd1 Bb6 14. Bxe4 Bxe4 15. Nxe4 Rxe4 16. Qd3 Ne5 17. Qxd5 Nxf3+ 18. gxf3 Rc4 19. Qxd8+ Bxd8 20. Bd2 Bf6 21. Rab1 Rc2 22. Bc3 Bxc3 23. bxc3 Rxc3 24. Rxb7 Rxa3 25. Rdd7 Rf8 26. Rxa7 Rxa7 27. Rxa7 g6 28. Kg2 Re8 29. f4 Kg7 30. Kf3 Rb8 31. Ra3 Rb1 32. e4 Rh1 33. Ke2 Kf8 34. e5 Ke7 35. Ra7+ Kf8 36. e6 fxe6 37. Rxh7 Kg8 38. Re7 Rxh3 39. Rxe6 Kf7 40. Re3 Rh5 41. Kf3 Kf6 42. Kg4 Rh1 43. Ra3 Rg1+ 44. Kf3 Rb1 45. Ra6+ Kf5 46. Ra5+ Kf6 47. Rd5 Ra1 48. Ke4 Re1+ 49. Kf3 Ra1 50. Ke4 1/2-1/2

[Event "51st Rubinstein Memorial"]
[Site "Polanica Zdroj POL"]
[Date "2015.08.29"]
[Round "8"]
[White "Sivuk, Vitaly"]
[Black "Eggleston, David"]
[WhiteElo "2479"]
[BlackElo "2392"]
[Result "1-0"]
[EventDate "2015.08.22"]
[PlyCount "55"]
1. d4 Nf6 2. c4 e6 3. Nf3 b6 4. a3 Bb7 5. Nc3 d5 6. cxd5 exd5 7. Bg5 Be7 8. Qa4+ c6 9. g3 O-O 10. Bg2 Nbd7 11. O-O Ne4 12. Bxe7 Qxe7 13. Rac1 c5 14. e3 a6 15. dxc5 Nxc3 16. Rxc3 bxc5 17. Rd1 Rac8 18. Nh4 g6 19. Qa5 Nf6 20. Nf3 Ne4 21. Rc2 Rfe8 22. Rdc1 Qf6 23. Ne1 d4 24. exd4 Qxd4 25. Qb6 Rb8 26. Nf3 Qd3 27. Qc7 Nxg3 28. Qxg3 1-0

[Event "51st Rubinstein Memorial"]
[Site "Polanica Zdroj POL"]
[Date "2015.08.30"]
[Round "9"]
[White "Gajek, Radoslaw"]
[Black "Cyborowski, Lukasz"]
[WhiteElo "2384"]
[BlackElo "2530"]
[Result "1/2-1/2"]
[EventDate "2015.08.22"]
[PlyCount "21"]
1. Nf3 Nf6 2. c4 e6 3. d4 d5 4. g3 dxc4 5. Qa4+ Bd7 6. Qxc4 Bc6 7. Bg2 Bd5 8. Qa4+ Bc6 9. Qc4 Bd5 10. Qa4+ Bc6 11. Qc4 1/2-1/2

[Event "51st Rubinstein Memorial"]
[Site "Polanica Zdroj POL"]
[Date "2015.08.30"]
[Round "9"]
[White "Klekowski, Maciej"]
[Black "Sivuk, Vitaly"]
[WhiteElo "2490"]
[BlackElo "2479"]
[Result "1-0"]
[EventDate "2015.08.22"]
[PlyCount "99"]
1. c4 Nf6 2. Nc3 e6 3. d4 Bb4 4. e3 O-O 5. Bd3 d5 6. Nf3 b6 7. O-O Bb7 8. cxd5 exd5 9. a3 Bd6 10. Qc2 a6 11. Ne5 c5 12. f4 Nc6 13. Bd2 Re8 14. Rae1 Qc7 15. Nxd5 Nxd5 16. Bxh7+ Kf8 17. Nxc6 Qxc6 18. e4 cxd4 19. Qxc6 Bxc6 20. exd5 Bb5 21. Bb1 Bxf1 22. Rxf1 Re2 23. Rd1 Rc8 24. Bd3 Re7 25. Kf2 a5 26. g4 g6 27. h4 Kg7 28. Kf3 Rc5 29. Be4 Re8 30. h5 Rh8 31. Be1 f5 32. gxf5 gxf5 33. Bxf5 Rxh5 34. Be4 Rh3+ 35. Bg3 Rb5 36. Kg4 Rh8 37. Bf2 Be7 38. Rc1 Bc5 39. b4 axb4 40. Bd3 Rh2 41. Bg3 Rb2 42. Bxb5 bxa3 43. Bd3 Rd2 44. Bc4 d3 45. f5 Rc2 46. Rxc2 dxc2 47. Bf4 Bd4 48. d6 Kf8 49. Be6 b5 50. Bh6+ 1-0

[Event "51st Rubinstein Memorial"]
[Site "Polanica Zdroj POL"]
[Date "2015.08.30"]
[Round "9"]
[White "Kovalev, Andrei"]
[Black "Krzyzanowski, Marcin"]
[WhiteElo "2509"]
[BlackElo "2420"]
[Result "1/2-1/2"]
[EventDate "2015.08.22"]
[PlyCount "119"]
1. e4 c5 2. Nf3 d6 3. d4 cxd4 4. Nxd4 Nf6 5. Nc3 g6 6. Be3 Bg7 7. Be2 Nc6 8. Qd2 O-O 9. O-O-O Ng4 10. Bxg4 Bxg4 11. f3 Be6 12. Nxe6 fxe6 13. Bh6 Bxh6 14. Qxh6 Qa5 15. h4 Qe5 16. Qg5 Rac8 17. Qxe5 Nxe5 18. Nb5 Nc6 19. Kb1 a6 20. Nc3 Ne5 21. Ne2 Nc4 22. Rd3 Rc5 23. Nd4 Kf7 24. c3 Rfc8 25. Rf1 Ne5 26. Rd2 Nc4 27. Re2 e5 28. Nc2 Rb5 29. b3 Nb6 30. Na3 Rbc5 31. c4 Nd7 32. g3 Kg7 33. Rd2 Rf8 34. Nc2 Rcc8 35. Ne3 Rf7 36. Kc2 Rcf8 37. Rdf2 Nf6 38. Kd3 Nh5 39. g4 Nf4+ 40. Kd2 Nh3 41. Rh2 Rxf3 42. Rxf3 Rxf3 43. Ke2 Ng1+ 44. Kd3 Rf8 45. b4 Nf3 46. Rh1 e6 47. g5 Nd4 48. c5 dxc5 49. bxc5 Rd8 50. Nc4 h6 51. Rb1 Nb5+ 52. Ke3 Rc8 53. a4 Rxc5 54. axb5 Rxc4 55. bxa6 bxa6 56. Rb7+ Kh8 57. Rb8+ Kg7 58. Rb7+ Kh8 59. Rb8+ Kg7 60. Rb7+ 1/2-1/2

[Event "51st Rubinstein Memorial"]
[Site "Polanica Zdroj POL"]
[Date "2015.08.30"]
[Round "9"]
[White "Warakomski, Tomasz"]
[Black "Basso, Pierluigi"]
[WhiteElo "2466"]
[BlackElo "2443"]
[Result "1-0"]
[EventDate "2015.08.22"]
[PlyCount "92"]
1. e4 Nc6 2. Nf3 e5 3. d4 exd4 4. Nxd4 Nf6 5. Nc3 Bb4 6. Nxc6 bxc6 7. Bd3 d5 8. exd5 cxd5 9. Qe2+ Qe7 10. Qxe7+ Kxe7 11. O-O c6 12. Na4 Be6 13. Be3 Nd7 14. f4 f5 15. Rac1 Nb6 16. Nc5 Bxc5 17. Bxc5+ Kf7 18. Bd4 Nc4 19. Rce1 Nd2 20. Bxg7 Kxg7 21. Rxe6 Nxf1 22. Kxf1 Rhc8 23. Bxf5 Rc7 24. Kf2 Rf8 25. g4 Rf6 26. Re8 Rf8 27. Re6 Rf6 28. Re8 Rf8 29. Re5 Rff7 30. Kf3 Rb7 31. b3 Rfe7 32. Be6 Rb4 33. c4 dxc4 34. Rg5+ Kf6 35. Bxc4 Rbb7 36. Rc5 Rbc7 37. h4 Re1 38. g5+ Kg6 39. Bd3+ Kg7 40. f5 h5 41. f6+ Kf7 42. Be2 Kg6 43. Re5 Rh1 44. Bd3+ Kf7 45. Bc4+ Kg6 46. Re8 Rh3+ 1-0